| 000 | 00446 a2200169 4500 | ||
|---|---|---|---|
| 001 | 142479 | ||
| 040 | _cLeonardo Da Vinci | ||
| 041 | _aPortuguês | ||
| 082 |
_aJ M242c _bM242c |
||
| 100 | _aMANGE, Marilyn Diggs | ||
| 245 |
_aClaude Monet _bguia estudantil |
||
| 260 |
_bBrasiliana _c1997 _aSão Paulo |
||
| 300 | _a19 | ||
| 362 | _a19970000 | ||
| 697 |
_aLiteratura juvenil _aArtes _aClaude Monet _aPintores franceses _aBiografia |
||
| 942 | _cBK | ||
| 999 |
_c142479 _d142479 |
||